Vector analysis with applications (Record no. 5838)

000 -LEADER
fixed length control field 00528nam a22002051 4500
001 - CONTROL NUMBER
control field 5838
003 - CONTROL NUMBER IDENTIFIER
control field BD-DhUET
008 - FIXED-LENGTH DATA ELEMENTS--GENERAL INFORMATION
fixed length control field 861017s1932 enka 000 0 eng c
020 ## - INTERNATIONAL STANDARD BOOK NUMBER
International Standard Book Number 8122405487
040 ## - CATALOGING SOURCE
Original cataloging agency DLC/ICU
Transcribing agency CGU
Modifying agency BD-DhUET
082 0# - DEWEY DECIMAL CLASSIFICATION NUMBER
Classification number 516.83
Item number ALI/1993
100 ## - MAIN ENTRY--PERSONAL NAME
Personal name Ali Ashraf, Md.
245 10 - TITLE STATEMENT
Title Vector analysis with applications
250 ## - EDITION STATEMENT
Edition statement 3rd ed.
260 ## - PUBLICATION, DISTRIBUTION, ETC. (IMPRINT)
Place of publication, distribution, etc. New Delhi
Name of publisher, distributor, etc. Wiley Eastern
Date of publication, distribution, etc. 1993
300 ## - PHYSICAL DESCRIPTION
Extent xv,308p.
Other physical details ill.
Dimensions 23 cm.
504 ## - BIBLIOGRAPHY, ETC. NOTE
Bibliography, etc Includes bibliographies
650 #0 - SUBJECT ADDED ENTRY--TOPICAL TERM
Topical term or geographic name as entry element Vector analysis
942 ## - ADDED ENTRY ELEMENTS (KOHA)
Koha item type General Book
Holdings
Location (home branch) Koha out on loan Piece designation (barcode) Not for loan Price effective from Koha date last seen Koha full call number Koha item type Date acquired Koha issues (times borrowed) Damaged status Koha date last borrowed Withdrawn status Koha normalized classification for sorting Lost status Sublocation or collection (holding branch) Koha renewals Shelving location Copy number Source of classification or shelving scheme
Central Library, BUET2022-12-2787531 2014-11-292022-12-13516.83/ALI/1993General Book2014-11-293 2022-12-13 516_830000000000000_ALI_1993 Central Library, BUET Circulation section8 
Central Library, BUET 87528 2014-12-212025-05-13516.83/ALI/1998General Book2014-12-2113 2025-04-29 516_830000000000000_ALI_1998 Central Library, BUET1Circulation section2 
Central Library, BUET 87530 2015-01-272016-04-02516.83/ALI/1998General Book2015-01-27    516_830000000000000_ALI_1998 Central Library, BUET Circulation section3 
Central Library, BUET 48783 2015-01-312025-11-30516.83/ALI/1998General Book2015-01-316 2022-12-13 516_830000000000000_ALI_1998 Central Library, BUET Circulation section4 
Central Library, BUET 94102 2015-02-112020-11-03516.83/ALI/1998General Book2015-02-115 2020-01-05 516_830000000000000_ALI_1998 Central Library, BUET Circulation section1 
Central Library, BUET 87525 2015-04-112025-11-18516.83/ALI/1993General Book2015-04-118 2024-04-02 516_830000000000000_ALI_1993 Central Library, BUET Circulation section7 
Central Library, BUET 87526 2015-04-232025-11-29516.83/ALI/1993General Book2015-04-236 2023-09-27 516_830000000000000_ALI_1993 Central Library, BUET Circulation section6 
Central Library, BUET 87529 2015-05-032022-05-25516.83/ALI/1993General Book2015-05-032 2022-03-30 516_830000000000000_ALI_1993 Central Library, BUET Circulation section7 
Central Library, BUET 87550 2015-06-072015-06-07516.83/ALI/1993Reading Item2015-06-07    516_830000000000000_ALI_1993 Central Library, BUET Reading section9 
Central Library, BUET 92374 2015-06-072015-06-07516.83/ALI/1993Reading Item2015-06-07    516_830000000000000_ALI_1993 Central Library, BUET Reading section10 
Central Library, BUET 94100 2015-06-082015-06-08516.83/ALI/1993Reading Item2015-06-08    516_830000000000000_ALI_1993 Central Library, BUET Reading section12 
Central Library, BUET 87551 2015-06-142015-06-14516.83/ALI/1993Reading Item2015-06-14    516_830000000000000_ALI_1993 Central Library, BUET Reading section13 
Central Library, BUET 87527 2015-09-022017-03-04516.83/ALI/1993General Book2015-09-02    516_830000000000000_ALI_1993 Central Library, BUET Circulation section14